Statistics for Malaysia to Sweden, but only Countries without C, F or V

Click here to take the quiz!

General Stats

  • This quiz has been taken 383 times
    (364 since last reset)
  • The average score is 8 of 10

Answer Stats

Also type Malaysia % Correct
Malaysia
100%
Thailand
91%
India
84%
Pakistan
83%
Myanmar
83%
Iran
82%
Sweden
78%
Russia
77%
Norway
76%
Azerbaijan
69%

Score Distribution

Percentile by Number Answered

Percent of People with Each Score

Your Score History

You have not taken this quiz since the last reset